00599nam a2200181 a 450000100060000000300090000600800410001502000150005604000280007108200170009910000270011624500810014326000400022430000110026449000290027565000630030465000500036716387CO-ViMGA141112s2004 ck r 000 u spa d a9583006378 aCO-ViMGAbspacCO-ViMGA04a986.03 O548r1 aOlivos Lombana, Andres10aEl 20 de Julio : bCoyuntura revolucionaria y revuelta popular (1808 - 1810) aBogotá : bPanAméricana, c1998 a168.p. aCuadernillos de historia14aCOLOMBIA - HISTORIA - GUERRA DE INDEPENDENCIA, 1810 - 181914aCOLOMBIA - Política Y GOBIERNO, 1808 - 1810